Statistiken für Tiere mit Bart ganz nah

Klicken Sie hier um das Quiz zu spielen!

Allgemein

  • Dieses Quiz wurde 103 mal gespielt
  • Das Durchschnittsergebnis liegt bei 8 aus 15

Antwortstatistiken

HintAntwort% Korrekt
Walross
89%
Ziege
87%
Bison
82%
Löwe
79%
Bartagame
73%
Schnauzer
70%
Bartschwein
54%
Nutria
52%
Bartaffe
51%
Bartgeier
44%
Schlammpeitzger
40%
Kaiserschnurrbarttamarin
21%
Mähnenspringer
15%
Weißkopfsaki
15%
Antwerpener Bartzwerge
9%

Verteilung der Resultate

Perzentil nach korrekt beantworteten Fragen

Anzahl Personen mit jedem Resultat

Ihre Resultats-Entwicklung

Sie haben dieses Quiz noch nicht gespielt